[Event "GER-ch U14"]
[Site "Willingen"]
[Date "2021.08.29"]
[Round "9"]
[White "Poetzsch Heffter, Frieder"]
[Black "Leubner, Paul Damdin"]
[Result "1/2-1/2"]
[WhiteElo "1598"]
[BlackElo "1407"]
[PlyCount "41"]
[EventDate "2021.08.22"]
[EventType "swiss"]
[EventRounds "9"]
[EventCountry "GER"]
[SourceTitle "EXT 2022"]
[Source "ChessBase"]
[SourceDate "2021.10.06"]
[SourceVersion "1"]
[SourceVersionDate "2021.10.06"]
[SourceQuality "1"]

1. e4 c5 2. c3 d5 3. exd5 Qxd5 4. d4 cxd4 5. cxd4 Nf6 6. Nc3 Qd6 7. Nf3 a6 8. h3 g6 9. Bc4 Bg7 10. 0-0 0-0 11. Ne2 b5 12. Bb3 Bb7 13. Qd3 Nbd7 14. Bf4 Qb6 15. Rfd1 e6 16. Ne5 Rfd8 17. Qe3 Nd5 18. Bxd5 Bxd5 19. Nc3 Bb7 20. Rac1 Rac8 21. Ne2 1/2-1/2

[Event "GER-ch U14"]
[Site "Willingen"]
[Date "2021.08.26"]
[Round "5"]
[White "Leubner, Paul Damdin"]
[Black "Pfeffer, Samuel"]
[Result "0-1"]
[WhiteElo "1407"]
[BlackElo "1487"]
[PlyCount "110"]
[EventDate "2021.08.22"]
[EventType "swiss"]
[EventRounds "9"]
[EventCountry "GER"]
[SourceTitle "EXT 2022"]
[Source "ChessBase"]
[SourceDate "2021.10.06"]
[SourceVersion "1"]
[SourceVersionDate "2021.10.06"]
[SourceQuality "1"]

1. e4 e5 2. Nc3 Nf6 3. d4 exd4 4. Qxd4 Nc6 5. Qd3 Bc5 6. Bf4 d6 7. Qd2 Be6 8. 0-0-0 a6 9. f3 Qd7 10. Nd5 Nh5 11. Be3 Bxe3 12. Qxe3 0-0-0 13. Bc4 Ne5 14. Bb3 Kb8 15. Ne2 Bxd5 16. exd5 f5 17. Qd2 c5 18. dxc6 Nxc6 19. Rhe1 Rhe8 20. Nd4 Rxe1 21. Rxe1 Nxd4 22. Qxd4 d5 23. Qe5+ Ka8 24. Qe7 Nf6 25. Qxd7 Rxd7 26. Re5 g6 27. Kd2 Ka7 28. Ke3 d4+ 29. Kd3 b6 30. a4 Kb7 31. Bc4 Kc7 32. Re6 Nd5 33. Bxd5 Rxd5 34. Re7+ Kc6 35. b4 a5 36. Re6+ Kc7 37. b5 Rd7 38. Kc4 Kb7 39. g4 Rc7+ 40. Rc6 Rxc6+ 41. bxc6+ Kxc6 42. gxf5 gxf5 43. f4 b5+ 44. axb5+ Kb6 45. Kxd4 Kxb5 46. c4+ Kc6 47. c5 a4 48. Kc4 a3 49. Kb3 Kxc5 50. Kxa3 Kd4 51. Kb2 Ke3 52. Kc3 Kxf4 53. Kd4 Kf3 54. Kd3 f4 55. Kd2 Kg2 0-1

[Event "GER-ch U12"]
[Site "Willingen"]
[Date "2020.10.31"]
[Round "7"]
[White "Leubner, Paul Damdin"]
[Black "Krueger, Arthur"]
[Result "0-1"]
[WhiteElo "1409"]
[BlackElo "1704"]
[PlyCount "48"]
[EventDate "2020.10.26"]
[EventType "swiss"]
[EventRounds "7"]
[EventCountry "GER"]
[SourceTitle "CBM 199 Extra"]
[Source "ChessBase"]
[SourceDate "2021.01.31"]
[SourceVersion "1"]
[SourceVersionDate "2021.01.31"]
[SourceQuality "1"]

1. e4 e6 2. d3 c5 3. Nd2 Nc6 4. Ngf3 d5 5. g3 Nf6 6. Bg2 Be7 7. 0-0 0-0 8. Re1 dxe4 9. Nxe4 Qb6 10. Ned2 Nd5 11. Nc4 Qc7 12. Qe2 b5 13. Ne3 Bb7 14. Bd2 a6 15. Rad1 Rad8 16. c3 h6 17. Bc1 Bd6 18. d4 cxd4 19. Nxd4 Nxd4 20. Rxd4 Bc5 21. Rdd1 Nf6 22. Bxb7 Qxb7 23. b3 Qe4 24. Kf1 Qh1# 0-1

[Event "GER-ch U12"]
[Site "Willingen"]
[Date "2020.10.29"]
[Round "4"]
[White "Leubner, Paul Damdin"]
[Black "Schroeder, Jan Hendrik"]
[Result "1-0"]
[WhiteElo "1409"]
[BlackElo "1324"]
[PlyCount "93"]
[EventDate "2020.10.26"]
[EventType "swiss"]
[EventRounds "7"]
[EventCountry "GER"]
[SourceTitle "CBM 199 Extra"]
[Source "ChessBase"]
[SourceDate "2021.01.31"]
[SourceVersion "1"]
[SourceVersionDate "2021.01.31"]
[SourceQuality "1"]

1. e4 c5 2. Nf3 Nc6 3. d4 cxd4 4. Nxd4 g6 5. c4 Bg7 6. Be3 d6 7. Nc3 Nf6 8. Be2 0-0 9. f3 Nxd4 10. Bxd4 Be6 11. Qd2 Rc8 12. g4 Bxc4 13. Bxc4 Rxc4 14. h4 Nd7 15. Bxg7 Kxg7 16. h5 Ne5 17. Ke2 Qb6 18. hxg6 fxg6 19. Nd5 Qd8 20. Raf1 Rh8 21. b3 Rc5 22. g5 e6 23. Nf6 Qc7 24. Rc1 Rxc1 25. Rxc1 Qb6 26. f4 Nf7 27. Qd3 Qa6 28. Qxa6 bxa6 29. Ng4 e5 30. f5 Nxg5 31. Rc7+ Kg8 32. Rc8+ Kf7 33. Rxh8 h5 34. fxg6+ Kxg6 35. Nf2 Ne6 36. Ra8 Kg5 37. Kf3 Nd4+ 38. Kg2 Ne2 39. Rxa7 Kf4 40. Rxa6 Nc3 41. b4 Nxe4 42. Nxe4 Kxe4 43. Rxd6 Kf4 44. b5 e4 45. b6 e3 46. b7 e2 47. Re6 1-0

[Event "GER-ch U10"]
[Site "Willingen"]
[Date "2018.05.25"]
[Round "10"]
[White "Udelnov, Valentin"]
[Black "Leubner, Paul Damdin"]
[Result "1-0"]
[WhiteElo "1377"]
[BlackElo "1127"]
[PlyCount "107"]
[EventDate "2018.05.19"]
[EventType "swiss"]
[EventRounds "11"]
[EventCountry "GER"]
[SourceTitle "CBM 184 Extra"]
[Source "ChessBase"]
[SourceDate "2018.06.28"]
[SourceVersion "1"]
[SourceVersionDate "2018.06.28"]
[SourceQuality "1"]

1. e4 e5 2. Nf3 Nc6 3. Bc4 Nf6 4. d3 Bc5 5. c3 d6 6. 0-0 Bg4 7. a4 a5 8. Na3 h6 9. Nc2 0-0 10. Be3 Ba7 11. Bxa7 Nxa7 12. Ne3 Bh5 13. Nf5 Nc6 14. Re1 Ne7 15. Ng3 Bg6 16. Nh4 Bh7 17. Qb3 Qd7 18. Re3 Rfd8 19. Bxf7+ Kf8 20. Be6 Qc6 21. Nhf5 Ng6 22. Rf3 Nf4 23. Nh4 d5 24. exd5 N4xd5 25. Bxd5 Rxd5 26. c4 Rd7 27. Re1 Re8 28. Nh5 Kg8 29. Nxf6+ gxf6 30. Rg3+ Kf8 31. Ng6+ Bxg6 32. Rxg6 Rg7 33. Qa3+ Kg8 34. Rxg7+ Kxg7 35. h3 Kf7 36. b3 Rg8 37. g3 Qf3 38. Re3 Qf5 39. h4 Qh3 40. Qc5 Qd7 41. Qxa5 b6 42. Qc3 Qc6 43. d4 exd4 44. Qxd4 Kg7 45. Qf4 Rd8 46. Qg4+ Kf8 47. Qh5 Kg8 48. Qg6+ Kf8 49. Qxh6+ Kf7 50. Qh7+ Kf8 51. Qh8+ Kf7 52. Qxd8 Kg6 53. Qe8+ Kf5 54. Qxc6 1-0